000 00376 a2200157 4500
001 151842
040 _cEscola São Tomás de Aquino
100 _aNOVAES, Carlos Eduardo
240 1 0 _aO menino sem imaginação
_lpor
245 1 0 _aO menino sem imaginação
300 _a151
362 0 _a1997
440 1 _aÁtica
697 _a*LITERATURA INFANTO JUVENIL
942 _cBK
999 _c151842
_d151842